000 00316nam a22001337a 4500
008 170925b xxu||||| |||| 00| 0 eng d
020 _a9780536316417
041 _aeng
080 _a37
100 _a46
101 _aEDU
245 _aSTUDENT GUIDEBOOK TO PROPER CITATION IN APA STYLE
_cHARRIS,M
942 _2udc
_cBK
999 _c29576
_d29576